|
|
|
|
| LEADER |
00000nam2a2200000 4500 |
| 001 |
204177 |
| 005 |
20241211094917.0 |
| 035 |
|
|
|a (RuTPU)RU\TPU\book\222531
|
| 035 |
|
|
|a RU\TPU\book\222528
|
| 090 |
|
|
|a 204177
|
| 100 |
|
|
|a 20111121d1948 k y0rusy50 ca
|
| 101 |
0 |
|
|a rus
|
| 102 |
|
|
|a RU
|
| 105 |
|
|
|a a|||z|||111yy
|
| 181 |
|
0 |
|a i
|b e
|
| 182 |
|
0 |
|a n
|
| 183 |
|
0 |
|a nc
|2 RDAcarrier
|
| 200 |
0 |
|
|a Вып. 27: Тезисы и аннотации докладов, представленных на Всесибирскую конференцию физиков и математиков, посвященную 20-летию СФТИ (16-21 октября 1948 г.)
|f под ред. В. А. Жданова
|
| 203 |
|
|
|a Текст
|b визуальный
|c непосредственный
|
| 210 |
|
|
|d 1948
|
| 215 |
|
|
|a 80 с.
|c ил.
|
| 283 |
|
|
|a volume
|2 RDAcarrier
|
| 320 |
|
|
|a Библиогр. в конце ст.
|
| 461 |
|
1 |
|0 (RuTPU)RU\TPU\book\65965
|t Труды Сибирского физико-технического института
|f Томский государственный университет (ТГУ), Сибирский физико-технический институт им. В. Д. Кузнецова (СФТИ)
|v Вып. 27: Тезисы и аннотации докладов, представленных на Всесибирскую конференцию физиков и математиков, посвященную 20-летию СФТИ (16-21 октября 1948 г.)
|d 1932-1974
|
| 601 |
0 |
2 |
|a Томский государственный университет
|b Сибирский физико-технический институт им. В. Д. Кузнецова
|9 23481
|
| 610 |
1 |
|
|a физика
|
| 610 |
1 |
|
|a математика
|
| 610 |
1 |
|
|a тезисы
|
| 610 |
1 |
|
|a доклады
|
| 610 |
1 |
|
|a аннотации
|
| 610 |
1 |
|
|a конференции
|
| 610 |
1 |
|
|a СФТИ
|
| 675 |
|
|
|a 539
|v 3
|
| 702 |
|
1 |
|a Жданов
|b В. А.
|4 340
|
| 801 |
|
1 |
|a RU
|b 63413507
|c 20040406
|g PSBO
|
| 801 |
|
2 |
|a RU
|b 63413507
|c 20111205
|g PSBO
|
| 942 |
|
|
|c CR
|